| 000 | 00676nam0a22002411 4500 | ||
|---|---|---|---|
| 001 | RU\NLR\INFOCOMM_190\5000041574 | ||
| 005 | 20250613093013.0 | ||
| 035 | _a(NLR Aleph) 009188672 | ||
| 090 |
_a8616691 _c8616691 |
||
| 100 | _a20100329d1969 |||y0rusy50 ca | ||
| 101 | 0 | _aeng | |
| 102 | _aRU | ||
| 105 | _ay ||||000|y | ||
| 200 | 1 | _aThe state and modern times | |
| 210 |
_a[Μ.] _d[1969] |
||
| 215 | _aС. 38-63 | ||
| 300 | _aВ кн.: Lenin on the socialist state. M., [1969], с. 38-63 | ||
| 700 | 1 |
_aČesnokov _bD. I. _f1910- _gDmitrij Ivanovič _4070 |
|
| 801 | 1 |
_aRU _bNLR _c20100329 |
|
| 801 | 0 |
_aRU _bNLR _gPSBO |
|
| 852 |
_aNLR _jП11 Д-2/4 |
||
| 942 | _cBOOK | ||
| 980 | _aNB | ||